<?xml version="1.0" encoding="UTF-8"?>
<record
    xmlns:xsi="http://www.w3.org/2001/XMLSchema-instance"
    xsi:schemaLocation="http://www.loc.gov/MARC21/slim http://www.loc.gov/standards/marcxml/schema/MARC21slim.xsd"
    xmlns="http://www.loc.gov/MARC21/slim">

  <leader>00971nam a2200169Ia 4500</leader>
  <controlfield tag="008">121028s9999    xx            000 0 und d</controlfield>
  <datafield tag="020" ind1=" " ind2=" ">
    <subfield code="a">970-24-0337-5</subfield>
  </datafield>
  <datafield tag="050" ind1=" " ind2=" ">
    <subfield code="a">HF352 M43 2002</subfield>
  </datafield>
  <datafield tag="100" ind1=" " ind2=" ">
    <subfield code="a">MEANS, Howard</subfield>
  </datafield>
  <datafield tag="245" ind1=" " ind2=" ">
    <subfield code="a">Dinero y poder : la historia de los negocios / Howard Means ; prol. David Grubin ; traducci&#xF3;n Guadalupe Meza Staines</subfield>
  </datafield>
  <datafield tag="260" ind1=" " ind2=" ">
    <subfield code="a">M&#xE9;xico : CECSA</subfield>
  </datafield>
  <datafield tag="300" ind1=" " ind2=" ">
    <subfield code="a">xiii, 281 p.</subfield>
  </datafield>
  <datafield tag="500" ind1=" " ind2=" ">
    <subfield code="a">T&#xED;tulo original: Money &amp; power. The history of Business Incluye &#xED;ndices Bibliograf&#xED;a: 261-265</subfield>
  </datafield>
  <datafield tag="505" ind1=" " ind2=" ">
    <subfield code="a">Introducci&#xF3;n 1. San Godric: Dios y las utilidades 2. Cosme de M&#xE9;dici: c&#xF3;mo poner el dinero a trabajar 3. Felipe II: la riqueza sin sabidur&#xED;a 4. La obsesi&#xF3;n de los tulipanes: compartir la codicia 5. James Watt y Mathiew Boulton: C&#xF3;mo convertir la evol</subfield>
  </datafield>
  <datafield tag="650" ind1=" " ind2=" ">
    <subfield code="a">Negocios - Historia \ 2. Poder (Ciencias sociales) - Estudio de casos \ 3. Capitalistas - Biograf&#xED;a</subfield>
  </datafield>
  <datafield tag="700" ind1=" " ind2=" ">
    <subfield code="a">Grubin, David, prol. \ II. Meza Staines, Guadalupe, tr.&#xCC;</subfield>
  </datafield>
  <datafield tag="952" ind1=" " ind2=" ">
    <subfield code="0">0</subfield>
    <subfield code="1">0</subfield>
    <subfield code="4">0</subfield>
    <subfield code="7">0</subfield>
    <subfield code="a">14</subfield>
    <subfield code="b">14</subfield>
    <subfield code="d">2009-06-19</subfield>
    <subfield code="l">0</subfield>
    <subfield code="o">HF352 M43 2002</subfield>
    <subfield code="p">14 000203</subfield>
    <subfield code="r">2012-10-28</subfield>
    <subfield code="t">1</subfield>
    <subfield code="w">2012-10-28</subfield>
    <subfield code="y">LB</subfield>
  </datafield>
  <datafield tag="952" ind1=" " ind2=" ">
    <subfield code="0">0</subfield>
    <subfield code="1">0</subfield>
    <subfield code="4">0</subfield>
    <subfield code="7">0</subfield>
    <subfield code="a">14</subfield>
    <subfield code="b">14</subfield>
    <subfield code="d">2009-06-19</subfield>
    <subfield code="l">1</subfield>
    <subfield code="o">HF352 M43 2002</subfield>
    <subfield code="p">14 000640</subfield>
    <subfield code="r">2024-08-31</subfield>
    <subfield code="s">2024-08-19</subfield>
    <subfield code="t">2</subfield>
    <subfield code="w">2012-10-28</subfield>
    <subfield code="y">LB</subfield>
  </datafield>
  <datafield tag="952" ind1=" " ind2=" ">
    <subfield code="0">0</subfield>
    <subfield code="1">0</subfield>
    <subfield code="4">0</subfield>
    <subfield code="7">0</subfield>
    <subfield code="a">14</subfield>
    <subfield code="b">14</subfield>
    <subfield code="d">2009-06-19</subfield>
    <subfield code="l">1</subfield>
    <subfield code="o">HF352 M43 2002</subfield>
    <subfield code="p">14 000641</subfield>
    <subfield code="r">2015-08-20</subfield>
    <subfield code="s">2015-08-20</subfield>
    <subfield code="t">3</subfield>
    <subfield code="w">2012-10-28</subfield>
    <subfield code="y">LB</subfield>
  </datafield>
  <datafield tag="999" ind1=" " ind2=" ">
    <subfield code="c">84943</subfield>
    <subfield code="d">84943</subfield>
  </datafield>
</record>
